Unique Musical Inspiration Quiz Stats

 Plays Quiz not verified by Sporcle

Score 0/16 Timer 05:00
0 Plays Today
Inspiration Musical Based on It % Correct
comic strip Little Orphan Annie by Harold GrayAnnie
86.1%
opera La boheme by Giacomo PucciniRent
75%
comic strip by Charles Addams about a family that delights in the macabreThe Addams Family
69.4%
Peanuts comic strip by Charles M. SchultzYou're a Good Man, Charlie Brown
66.7%
Spider-Man comics by Marvel ComicsSpider-Man: Turn Off the Dark
66.7%
George Seurat's painting A Sunday Afternoon on the Island of La Grande JatteSunday in the Park with George
61.1%
Italian opera by Giuseppe Verdi about a princess who is captured into slaveryAida
61.1%
A June 23, 1992 Weekly World News story about a half-boy, half-bat found living in a caveBat Boy
61.1%
Inspiration Musical Based on It % Correct
opera Madame Butterfly by Giacomo PucciniMiss Saigon
55.6%
opera The Beggar's Opera by John GayThe Threepenny Opera
38.9%
poem of same name by Joseph Moncure March about show people who throw an edgy partyThe Wild Party
38.9%
comic strip of same name by Al Capp about a clan of hillbilliesLi'l Abner
30.6%
TV show, The Jerry Springer ShowJerry Springer: The Opera
22.2%
Superman comic book character created by Jerry Siegel and Joe ShusterIt's a Bird...It's a Plane...It's Superman
19.4%
ballet Fancy Free by Jerome Robbins and Leonard BernsteinOn the Town
16.7%
Gilbert and Sullivan's opera The MikadoThe Hot Mikado
11.1%

You're not logged in!

Compare scores with friends on all Sporcle quizzes.
OR
Log In

Show Comments

Extras

Top Quizzes Today


Score Distribution

Your Account Isn't Verified!

In order to create a playlist on Sporcle, you need to verify the email address you used during registration. Go to your Sporcle Settings to finish the process.

Report this User

Report this user for behavior that violates our Community Guidelines.

Details: